ArtNexus/ (Record no. 3258)
[ view plain ]
| 000 -LEADER | |
|---|---|
| campo de control de longitud fija | 01855nam a22005417a 4500 |
| 003 - IDENTIFICADOR DE NÚMERO DE CONTROL | |
| campo de control | OSt |
| 005 - FECHA Y HORA DE LA ÚLTIMA TRANSACCIÓN | |
| campo de control | 20230322113557.0 |
| 008 - DATOS DE LONGITUD FIJA--INFORMACIÓN GENERAL | |
| campo de control de longitud fija | 221006b |||||||| |||| 00| 0 eng d |
| 040 ## - FUENTE DE CATALOGACIÓN | |
| Centro/agencia transcriptor | Biblioteca Lado V |
| 082 ## - NÚMERO DE LA CLASIFICACIÓN DECIMAL DEWEY | |
| Número de clasificación | 701.1 |
| Número de ítem | S744a |
| 100 ## - ENTRADA PRINCIPAL--NOMBRE DE PERSONA | |
| 9 (RLIN) | 795 |
| Nombre de persona | Srendni de Birbragher, Celia |
| Término indicativo de función/relación | editora |
| -- | directora |
| 245 ## - MENCIÓN DEL TÍTULO | |
| Título | ArtNexus/ |
| Resto del título | El nexo entre America Latina y el resto del mundo/ |
| 260 ## - PUBLICACIÓN, DISTRIBUCIÓN, ETC. | |
| Nombre del editor, distribuidor, etc. | Asociación de Revistas Culturales |
| Fecha de publicación, distribución, etc. | 1997 |
| Lugar de publicación, distribución, etc. | U.S.A. |
| -- | Colombia |
| 300 ## - DESCRIPCIÓN FÍSICA | |
| Dimensiones | 21x28cm |
| Extensión | 154p. |
| 366 ## - INFORMACIÓN SOBRE DISPONIBILIDAD COMERCIAL | |
| Nota | eng |
| 490 ## - MENCIÓN DE SERIE | |
| Mención de serie | 25 |
| Designación de volumen o secuencia | Julio-Septiembre |
| -- | 1997 |
| Número Internacional Normalizado para Publicaciones Seriadas | 0121 5639 |
| 505 ## - NOTA DE CONTENIDO CON FORMATO | |
| Título | Reconocimiento a Carlos Rojas |
| 505 ## - NOTA DE CONTENIDO CON FORMATO | |
| Título | Noticias |
| 505 ## - NOTA DE CONTENIDO CON FORMATO | |
| Título | Reseñas de Libros |
| 505 ## - NOTA DE CONTENIDO CON FORMATO | |
| Título | Arte latinoamericano |
| 505 ## - NOTA DE CONTENIDO CON FORMATO | |
| Título | Eugenio Dittborn |
| 505 ## - NOTA DE CONTENIDO CON FORMATO | |
| Título | Transterritorial |
| 505 ## - NOTA DE CONTENIDO CON FORMATO | |
| Título | Antonio Berni |
| 505 ## - NOTA DE CONTENIDO CON FORMATO | |
| Título | Marcos Lora Read |
| 505 ## - NOTA DE CONTENIDO CON FORMATO | |
| Título | Jesús Soto |
| 505 ## - NOTA DE CONTENIDO CON FORMATO | |
| Título | Entrevista con Jesus Soto |
| 505 ## - NOTA DE CONTENIDO CON FORMATO | |
| Título | Stanford Watson |
| 505 ## - NOTA DE CONTENIDO CON FORMATO | |
| Título | Manuel Alvares Bravo |
| 505 ## - NOTA DE CONTENIDO CON FORMATO | |
| Título | Bienal del Whitney |
| 505 ## - NOTA DE CONTENIDO CON FORMATO | |
| Título | Primer Plano: Gabriel Orozco |
| 505 ## - NOTA DE CONTENIDO CON FORMATO | |
| Título | ArtChicago'97 |
| 505 ## - NOTA DE CONTENIDO CON FORMATO | |
| Título | Sofa'97 |
| 505 ## - NOTA DE CONTENIDO CON FORMATO | |
| Título | Arte Ba'97 |
| 505 ## - NOTA DE CONTENIDO CON FORMATO | |
| Título | Exposiciones Colectivas |
| 505 ## - NOTA DE CONTENIDO CON FORMATO | |
| Título | Cronica |
| 505 ## - NOTA DE CONTENIDO CON FORMATO | |
| Título | Libros y Catalogos |
| 505 ## - NOTA DE CONTENIDO CON FORMATO | |
| Título | Guía de Galerías y Museos |
| 650 ## - PUNTO DE ACCESO ADICIONAL DE MATERIA--TÉRMINO DE MATERIA | |
| Fuente del encabezamiento o término | Tesauro de Arte & Arquitectura |
| Término de materia o nombre geográfico como elemento de entrada | ARTE |
| 9 (RLIN) | 703 |
| 650 ## - PUNTO DE ACCESO ADICIONAL DE MATERIA--TÉRMINO DE MATERIA | |
| Fuente del encabezamiento o término | Tesauro de Arte & Arquitectura |
| Término de materia o nombre geográfico como elemento de entrada | EXPOSICIONES |
| 650 ## - PUNTO DE ACCESO ADICIONAL DE MATERIA--TÉRMINO DE MATERIA | |
| Fuente del encabezamiento o término | Tesauro de Arte & Arquitectura |
| Término de materia o nombre geográfico como elemento de entrada | BIENAL |
| 650 ## - PUNTO DE ACCESO ADICIONAL DE MATERIA--TÉRMINO DE MATERIA | |
| Fuente del encabezamiento o término | Tesauro de Arte & Arquitectura |
| Término de materia o nombre geográfico como elemento de entrada | APRECIACION |
| 650 ## - PUNTO DE ACCESO ADICIONAL DE MATERIA--TÉRMINO DE MATERIA | |
| Fuente del encabezamiento o término | Tesauro de Arte & Arquitectura |
| Término de materia o nombre geográfico como elemento de entrada | TEORIA |
| 650 ## - PUNTO DE ACCESO ADICIONAL DE MATERIA--TÉRMINO DE MATERIA | |
| Fuente del encabezamiento o término | Tesauro de Arte & Arquitectura |
| Término de materia o nombre geográfico como elemento de entrada | CRITICA |
| 650 ## - PUNTO DE ACCESO ADICIONAL DE MATERIA--TÉRMINO DE MATERIA | |
| Fuente del encabezamiento o término | Tesauro de Arte & Arquitectura |
| Término de materia o nombre geográfico como elemento de entrada | FOTOGRAFIA |
| 9 (RLIN) | 702 |
| 650 ## - PUNTO DE ACCESO ADICIONAL DE MATERIA--TÉRMINO DE MATERIA | |
| Fuente del encabezamiento o término | Tesauro de Arte & Arquitectura |
| Término de materia o nombre geográfico como elemento de entrada | LITERATURA |
| 651 ## - PUNTO DE ACCESO ADICIONAL DE MATERIA--NOMBRE GEOGRÁFICO | |
| Fuente del encabezamiento o término | Tesauro de Arte & Arquitectura |
| Nombre geográfico | COLOMBIA |
| 942 ## - ELEMENTOS DE ENTRADA SECUNDARIOS (KOHA) | |
| Fuente del sistema de clasificación o colocación | Clasificación Decimal Dewey |
| Tipo de ítem Koha | Libros |
| Parte de la signatura que corresponde a la clasificación (Parte de la clasificación) | 701.1 |
| Parte de la signatura que identifica el ejemplar (Parte del ítem) | S744a |
| Suprimir en OPAC | No |
No items available.
